|
|
|
|
| LEADER |
01208nam a2200265 a 4500 |
| 001 |
11980650 |
| 008 |
130415s1999 ii 101 0 eng d |
| 010 |
|
|
|a 99952886
|
| 020 |
|
|
|a 8185419655
|
| 040 |
|
|
|a DLC
|c DLC
|d DLC
|d BD-DhAAL
|
| 082 |
0 |
0 |
|a 343.54091
|2 21
|
| 245 |
0 |
0 |
|a Transition to a liberalized environment :
|b experiences and issues in regulation : proceedings of the conference held on 3 and 4 February 1999 in New Delhi, India /
|c editors, Leena Srivastava, S.K. Sarkar.
|
| 260 |
|
|
|a New Delhi :
|b Tata Energy Research Institute,
|c c1999.
|
| 300 |
|
|
|a xvi, 595 p. ;
|c 25 cm.
|
| 500 |
|
|
|a "Organized by Tata Energy Research Institute."
|
| 500 |
|
|
|a Includes index.
|
| 541 |
|
|
|e 00026783
|
| 650 |
|
0 |
|a Public utilities
|x Law and legislation
|z India
|v Congresses.
|
| 650 |
|
0 |
|a Deregulation
|z India
|v Congresses.
|
| 700 |
1 |
|
|a Srivastava, Leena.
|
| 700 |
1 |
|
|a Sarkar, Sunit Kumar.
|
| 710 |
2 |
|
|a Tata Energy Research Institute.
|
| 852 |
1 |
|
|a Ayesha Abed Library
|c General shelf.
|
| 999 |
|
|
|c 13303
|d 13303
|
| 952 |
|
|
|0 0
|1 0
|2 ddc
|4 0
|6 343_540910000000000_TRA
|7 0
|9 22200
|a IGS
|b IGS
|c GEN
|d 2012-04-22
|e A H Development Publishing House
|g 3600.00
|l 1
|m 2
|o 343.54091 TRA
|p 3010026783
|r 2014-06-10
|s 2013-05-07
|t 1
|w 2012-04-22
|y BK
|